Dynamická úprava úrovne zvukového signálu

Saved in:
Bibliographic Details
Main Author: Vass, Tobiáš (Author)
Other Authors: Kubinec, Peter (Thesis advisor)
Format: Manuscript Book
Language:Slovak
Published: 2025
Subjects:
Online Access:http://is.stuba.sk/zp/portal_zp.pl?podrobnosti=184541
Tags: Add Tag
No Tags, Be the first to tag this record!

MARC

LEADER 00000ntm a22000003a 4500
001 stuzp99317
003 SK-STU
005 20250614210646.9
007 ta
008 150427s2015----xo-----f-mn---000-0-slo-d
040 |a STU  |b slo 
041 0 |a slo 
100 1 |a Vass, Tobiáš  |u 033000  |4 aut  |U FEI Fakulta elektrotechniky a informatiky  |T FEI Ústav elektroniky a fotoniky  |X 111998  |U E030  |Y 549  |7 111998 
242 0 1 |a A sound level dynamic control  |y eng 
245 1 0 |a Dynamická úprava úrovne zvukového signálu 
260 |c 2025 
650 4 |a differential signal  |2 eng 
650 4 |a audio signal  |2 eng 
650 4 |a VCA  |2 eng 
650 4 |a feedback loop  |2 eng 
650 4 |a audio compressor  |2 eng 
650 4 |a spätno-väzobná slučka  |2 slo 
650 4 |a diferenčný signál  |2 slo 
650 4 |a audio signál  |2 slo 
650 4 |a VCA  |2 slo 
650 4 |a audio kompresor  |2 slo 
700 1 |a Kubinec, Peter  |u 033000  |k Z1  |4 ths  |U FEI Fakulta elektrotechniky a informatiky  |T FEI Ústav elektroniky a fotoniky  |X 2052  |U E030  |Y 549  |7 A000002052 
856 4 |u http://is.stuba.sk/zp/portal_zp.pl?podrobnosti=184541